LEADER 01013nam--2200349---450- 001 990000365580203316 035 $a0036558 035 $aUSA010036558 035 $a(ALEPH)000036558USA01 035 $a0036558 100 $a20010319d1965----km-y0itay0103----ba 101 $aeng 102 $aUS 105 $a||||||||001yy 200 1 $aComputer software$eprogramming systems for digital computers$fIvan Flores 210 $aEnglewood Cliffs$cPrentice Hall$d1965 215 $aX, 493 p.$cill.$d23 cm 410 $12001 461 1$1001-------$12001 676 $a001.6425 700 1$aFLORES,$bIvan$025370 801 0$aIT$bsalbc$gISBD 912 $a990000365580203316 951 $a001.642 5 FLO$b0005003 CBS$c001.642 5$d00106033 959 $aBK 969 $aSCI 979 $aPATTY$b90$c20010319$lUSA01$h1323 979 $aALANDI$b90$c20010516$lUSA01$h1251 979 $c20020403$lUSA01$h1644 979 $aPATRY$b90$c20040406$lUSA01$h1625 996 $aComputer software$9877177 997 $aUNISA LEADER 01014nam a2200241 i 4500 001 991001539389707536 008 120113s2011 it a 000 0 ita d 020 $a9788837087357 035 $ab14030561-39ule_inst 040 $aBiblioteca Interfacoltà$bita 082 04$a709.45074 245 00$aArte Povera 2011 /$ca cura di Germano Celant /$ca cura di Germano Celant 260 $aMilano :$bElecta,$c2011 300 $a685 p. :$bill. ;$c24 cm. 500 $aPubblicato in occasione dell'evento "Arte Povera 2011" che si è svolto in simultanea nelle città di Torino, Milano, Bologna, Roma, Napoli e Bari 2011-2012 650 4$aArte povera$vEsposizioni$zItalia$y2011-2012 700 1 $aCelant, Germano 907 $a.b14030561$b02-04-14$c13-01-12 912 $a991001539389707536 945 $aLE002 709.45074 ART$g1$i2002000631329$lle002$op$pE50.00$q-$rl$s- $t0$u2$v0$w2$x0$y.i15364811$z13-01-12 996 $aArte Povera 2011$9243962 997 $aUNISALENTO 998 $ale002$b13-01-12$cm$da $e-$fita$git $h0$i0